000 01612nam a2200397 i 4500
001 57664
003 CO-BoRNBP
005 20250718153633.0
007 ta
008 231010t2018 ck a|||g| 001 0|spa |
020 _a9789584274519
020 _a9584274511
040 _aCO-BoRNBP
_bspa
_erda
_cCO-BoRNBP
041 0 _hspa
043 _as-ck---
082 0 4 _a330.9
_bH27f
_222
084 _aRES00599
100 1 _aHerrera Mora, Camilo
_eautor
_934475
245 1 0 _aFormalmente informales
_bun ensayo sobre la clase media colombiana y los dilemas a los que se enfrenta
_cCamilo Herrera Mora ; con la colaboración de Alejandra Acosta Bulla y Ricardo Silva Romero
250 _aPrimera edición
264 _aBogotá, Colombia
_bPlaneta Colombiana S.A.
_c2018
300 _a207 páginas
_bilustraciones en blanco y negro
_c23 cm
336 _atexto
_btxt
_2rdacontent
337 _asin mediación
_bn
_2rdamedia
338 _avolumen
_bnc
_2rdacarrier
490 0 _aPaidós empresa
505 0 _a¿Cuál es el origen de nuestra (in)formalidad?. -- ¿Cómo nos (in)formalizamos los colombianos?. -- ¿Realmente qué tan (in)formales somos?. -- ¿Cómo hacemos para salir bien de la (in)formalidad mala?.
521 _aRecomendado para un público adulto
650 1 7 _aEconomía informal
_2LEMB
_97023
650 1 7 _aCreación de empresa
_2LEMB
_958876
650 1 7 _aTrabajadores independientes
_2LEMB
_958877
651 _aColombia
_xCondiciones sociales
_958878
700 1 _aAcosta Bulla, Alejandra
_ecolaboradora
_958879
700 1 _aSilva Romero, Ricardo
_ecolaborador
_928413
942 _2ddc
_cBK
999 _c57664
_d57664